| 000 | 00710cab a2200217 4500 | ||
|---|---|---|---|
| 001 | ABS43737 | ||
| 008 | 090401t1990 xxu||||| |||| 00| 0 eng d | ||
| 035 | _a(Sirsi) u43282 | ||
| 041 | _aeng | ||
| 100 | _aBone, C. | ||
| 245 | _aLands of the rising sums | ||
| 260 | _c1990 | ||
| 350 | _a0 | ||
| 490 |
_aMunicipal Journal _v(46) 16 November 1990, 24-27 (2) |
||
| 520 | _aUrges local authorities to apply value analysis techniques as part of their contracts, for example, as Wandsworth LBC has done in its competitive tendering contract . See also R594 Value engineering . | ||
| 650 | _aCOST ANALYSIS | ||
| 650 | _aCOSTING | ||
| 690 |
_aProject management _96261 |
||
| 942 | _n0 | ||
| 948 | _c04/03/1997 | ||
| 999 |
_c27661 _d27661 |
||